Central Library OPAC University of Rajshahi

Exposition of the juche idea / (Record no. 25225)

MARC details
000 -LEADER
fixed length control field 00788cam a2200253 a 4500
001 - CONTROL NUMBER
control field 25225
003 - CONTROL NUMBER IDENTIFIER
rucl marc code BD-RjUL
005 - DATE AND TIME OF LATEST TRANSACTION
control field 20211209050841.0
008 - FIXED-LENGTH DATA ELEMENTS--GENERAL INFORMATION
fixed length control field 140316s1983 kn 000 0 eng d
035 ## - SYSTEM CONTROL NUMBER
System control number (BD-RjUL)25294
040 ## - CATALOGING SOURCE
Original cataloging agency DLC
Transcribing agency DLC
Modifying agency DLC
-- BD-RjUL
Language of cataloging eng
041 1# - LANGUAGE CODE
Language code of text/sound track or separate title eng
Language code of original kor
082 00 - DEWEY DECIMAL CLASSIFICATION NUMBER
Classification number 951.93040924
Author mark and year EXP 1983
245 00 - TITLE STATEMENT
Title Exposition of the juche idea /
260 ## - PUBLICATION, DISTRIBUTION, ETC. (IMPRINT)
Place of publication, distribution, etc. Pyongyang, Korea :
Name of publisher, distributor, etc. Foreign Languages Pub. House,
Date of publication, distribution, etc. 1983.
300 ## - PHYSICAL DESCRIPTION
Pagination 163 p. ;
Size 21 cm.
600 10 - SUBJECT ADDED ENTRY--PERSONAL NAME
Personal name Kim, Il-sŏng,
Dates associated with a name 1912-1994
General subdivision Philosophy.
650 #0 - SUBJECT ADDED ENTRY--TOPICAL TERM
Topical term or geographic name as entry element Self-reliance.
9 (RLIN) 77590
Topical term or geographic name as entry element Nationalism
Geographic subdivision Korea (North)
9 (RLIN) 77591
700 1# - ADDED ENTRY--PERSONAL NAME
Personal name Kim, Chŏng-il,
Dates associated with a name 1942-2011.
942 ## - ADDED ENTRY ELEMENTS (KOHA)
Source of classification or shelving scheme Dewey Decimal Classification
Koha item type Books
Holdings
Lost status Source of classification or shelving scheme Damaged status Not for loan Collection code Permanent Location Current Location Shelving location Date acquired Source of acquisition Total Checkouts Full call number Date last seen Copy number Koha item type
  Dewey Decimal Classification   Added to bundle Non-fiction Central Library, University of Rajshahi Central Library, University of Rajshahi Reading Room 21/08/1991 Gift   951.93040924 EXP 1983 16/03/2014 C-1 Books